000
00287nam a2200097Ia 4500
008
220204s9999 xx 000 0 und d
082
_a
351.773
_b
IND.1
245
0
_a
Report of the health survey and planning committee 1959-61. V 1.
260
_a
Delhi
_b
Ministry of Health
_c
1961
942
_c
BK
999
_c
19535
_d
19535